000 00520nam a2200193 a 4500
001 1777027203342
003 YourLibrary
005 20260424161207.0
008 260424s2009##################000#0#eng##
020 _a9780521763561
082 0 4 _a345.0235WIL
100 1 _aWilt, Harmen van der,
_eauthor.
245 1 0 _aSystem Criminality in International Law :
260 _bCambridge University Press,
_c2009.
300 _a401 pages
650 0 _aLaw.
942 _cENGLISH
040 _aYourLibrary
_beng
_cYourLibrary
999 _c619841
_d619841